000 00599nam a2200229Ia 4500
003 OSt
005 20221007075919.0
006 a|||||r|||| 00| 0
007 ta
008 221006b |||||||| |||| 00| 0 eng d
024 _a17,897
037 _cTextual
040 _aFLL
_cFLL
_beng
041 _2eng
_aeng
082 _aY211:45.2.N7, N3
100 _aKusum Au.
_9679287
245 0 _aHarassed husbands
260 _aNew Delhi
_bRegency publications India
_c1993
300 _a62p
_ccm.
942 _hY211:45.2.N7, N3
_cTEXL
_2CC
999 _c1157805
_d1157805